Normal view
MARC view
Entry Nombre personal
001 - NÚMERO DE CONTROL
- campo de control: 112779
003 - IDENTIFICADOR DE NÚMERO DE CONTROL
- campo de control: OSt
005 - FECHA Y HORA DE LA ÚLTIMA TRANSACCIÓN
- campo de control: 20250904235014.0
008 - ELEMENTOS DE DATO DE LONGITUD-FIJA
- campo de control de longitud fija: 070522 n acnnnaaan n bnn d
040 ## - FUENTE DE CATALOGACIÓN
- Centro catalogador/agencia de origen: OSt
- Centro/agencia transcriptor: OSt
100 00 - ENCABEZAMIENTO-NOMBRE DE PERSONA
- Nombre de persona: Valle Ameno, Angel Manuel Sánchez-Rubio Ibáñez,
- Títulos y otros términos asociados al nombre: Marqués de
400 00 - TRAZADO DE VÉASE--NOMBRE DE PERSONA
- Nombre de persona: Sánchez-Rubio Ibáñez, Angel Manuel
- Títulos y otros términos asociados al nombre: Marqués de Valle Ameno
